000
00296nam a22001337a 4500
008
170427b xxu||||| |||| 00| 0 eng d
020
_a
9780130178589
041
_a
eng
080
_2
3 ED
_a
547
100
_a
12
101
_a
SHM
245
_a
ORGANIC CHEMISTRY
_c
BRUICE.P.Y
942
_2
udc
_c
BK
999
_c
12231
_d
12231